| 000 | 00554nam a22001577a 4500 | ||
|---|---|---|---|
| 999 |
_c15480 _d15480 |
||
| 003 | OSt | ||
| 008 | 180919b ||||| |||| 00| 0 eng d | ||
| 082 |
_a631.75807 _bBAD/FE |
||
| 100 |
_aBadush Salim _aDilsha Suresh _aHarisankar O.P _93821 |
||
| 245 | _aFertigation studies using wick irrigation system | ||
| 260 |
_aThavanur _bDepartment of land and water resources and conservation engineering _c2018 |
||
| 300 |
_axii, 50 _eCD |
||
| 700 |
_aAbdul Hakkim _93211 |
||
| 856 | _uhttps://drive.google.com/open?id=15vKHK4fyGPtitoO26-Wot2jV3JpsLb2x | ||
| 942 | _cPR | ||